[Event "Zupanja op-B 2nd"]
[Site "Zupanja"]
[Date "2008.01.06"]
[Round "6"]
[White "Grobelsek, Ana"]
[Black "Filipovic, Ivan"]
[Result "1-0"]
[WhiteElo "2105"]
[BlackElo "1996"]
[PlyCount "107"]
[EventDate "2008.01.03"]
[EventType "swiss"]
[EventRounds "9"]
[EventCountry "CRO"]
[SourceTitle "CBM 122 Extra"]
[Source "ChessBase"]
[SourceDate "2008.03.04"]
[SourceVersion "1"]
[SourceVersionDate "2008.03.04"]
[SourceQuality "1"]

1. e4 c5 2. Nc3 e6 3. f4 Nc6 4. Bb5 a6 5. Bxc6 bxc6 6. Nf3 d5 7. d3 Nf6 8. 0-0 Be7 9. b3 0-0 10. e5 Nd7 11. Na4 Nb6 12. Nxb6 Qxb6 13. c4 Rd8 14. Qe2 a5 15. Ba3 Ra6 16. Qc2 Qa7 17. Kh1 a4 18. Bb2 Bd7 19. bxa4 Rxa4 20. Rfb1 Rb8 21. a3 Ra6 22. Bc1 Rab6 23. Rxb6 Qxb6 24. Nd2 f6 25. Rb1 Qc7 26. Rxb8+ Qxb8 27. Qb3 Qa7 28. Bb2 d4 29. exf6 Bxf6 30. Ne4 Qa5 31. Qd1 e5 32. Nxf6+ gxf6 33. fxe5 fxe5 34. h3 Qd8 35. Qf3 Qg5 36. a4 Qf5 37. Qxf5 Bxf5 38. a5 Bc8 39. Kg1 e4 40. dxe4 Ba6 41. Ba3 Bxc4 42. Bxc5 d3 43. Bb4 Kf7 44. Kf2 Ke6 45. Ke3 Ba6 46. g4 Kf6 47. h4 Ke6 48. Kd4 c5+ 49. Kxc5 Ke5 50. Kb6 Bc4 51. a6 Kxe4 52. a7 Bd5 53. g5 Ke3 54. h5 1-0

[Event "Zagreb op"]
[Site "Zagreb"]
[Date "2007.03.24"]
[Round "8"]
[White "Grobelsek, Ana"]
[Black "Svec, Darko"]
[Result "1-0"]
[WhiteElo "2099"]
[BlackElo "1941"]
[PlyCount "69"]
[EventDate "2007.03.17"]
[EventType "swiss"]
[EventRounds "9"]
[EventCountry "CRO"]
[SourceTitle "CBM 117 Extra"]
[Source "ChessBase"]
[SourceDate "2007.05.09"]
[SourceVersion "1"]
[SourceVersionDate "2007.05.09"]
[SourceQuality "1"]

1. e4 e6 2. d3 d5 3. Qe2 Nf6 4. Nf3 c5 5. g3 Nc6 6. Bg2 Be7 7. 0-0 0-0 8. e5 Nd7 9. c4 d4 10. h4 Rb8 11. a4 a6 12. Bf4 Qc7 13. Re1 b5 14. axb5 axb5 15. cxb5 Rxb5 16. Na3 Ra5 17. Nc4 Rxa1 18. Rxa1 Nb4 19. Ng5 h6 20. Ne4 Ba6 21. Nf6+ Bxf6 22. exf6 e5 23. fxg7 Re8 24. Bxh6 Bxc4 25. dxc4 Qd6 26. Bd2 e4 27. Qh5 Kxg7 28. Qg4+ Kf8 29. Bxe4 Ne5 30. Qh5 Ng6 31. Bxg6 fxg6 32. Qh8+ Kf7 33. Ra7+ Re7 34. Qh7+ Ke8 35. Qg8# 1-0

[Event "Zagreb op"]
[Site "Zagreb"]
[Date "2007.03.22"]
[Round "6"]
[White "Grobelsek, Ana"]
[Black "Matana, Zoran"]
[Result "1/2-1/2"]
[WhiteElo "2099"]
[BlackElo "1895"]
[PlyCount "108"]
[EventDate "2007.03.17"]
[EventType "swiss"]
[EventRounds "9"]
[EventCountry "CRO"]
[SourceTitle "CBM 117 Extra"]
[Source "ChessBase"]
[SourceDate "2007.05.09"]
[SourceVersion "1"]
[SourceVersionDate "2007.05.09"]
[SourceQuality "1"]

1. e4 c5 2. Nc3 Nc6 3. Bb5 a6 4. Bxc6 bxc6 5. d3 d5 6. e5 e6 7. f4 Ne7 8. Nf3 d4 9. Ne4 Nd5 10. 0-0 Be7 11. c4 f5 12. exf6 Nxf6 13. Ne5 0-0 14. Nxc6 Qc7 15. Nxe7+ Qxe7 16. Ng5 h6 17. Nf3 Nd7 18. Qe2 Bb7 19. Bd2 Rf6 20. Rae1 Qd6 21. Ne5 Raf8 22. Qg4 Kh7 23. Nxd7 Qxd7 24. Rf2 Rg6 25. Qh3 Qc6 26. Re5 a5 27. Rfe2 Rff6 28. Bxa5 Qa4 29. Be1 Rxf4 30. Bg3 Qd1+ 31. Re1 Qxd3 32. Rxe6 Bc8 33. Qh5 Bxe6 34. Bxf4 Qxc4 35. b3 Qc2 36. Qe2 Bf5 37. Qxc2 Bxc2 38. Re5 Rc6 39. Re7 Kg8 40. Be5 g5 41. b4 d3 42. Bc3 cxb4 43. Bxb4 Rf6 44. Re8+ Kf7 45. Rf8+ Ke6 46. Rxf6+ Kxf6 47. Kf2 Ke5 48. Ke3 Kd5 49. g4 Bd1 50. Bf8 h5 51. gxh5 Bxh5 52. Kxd3 Bd1 53. Kc3 g4 54. Kb4 Kc6 1/2-1/2

[Event "Nova Gorica op-B 12th"]
[Site "Nova Gorica"]
[Date "2007.01.31"]
[Round "9"]
[White "Laco, Giuseppe"]
[Black "Grobelsek, Ana"]
[Result "1/2-1/2"]
[WhiteElo "2153"]
[BlackElo "2099"]
[PlyCount "96"]
[EventDate "2007.01.26"]
[EventType "swiss"]
[EventRounds "9"]
[EventCountry "SLO"]
[SourceTitle "CBM 116 Extra"]
[Source "ChessBase"]
[SourceDate "2007.03.07"]
[SourceVersion "1"]
[SourceVersionDate "2007.03.07"]
[SourceQuality "1"]

1. c4 g6 2. d4 Nf6 3. Nc3 Bg7 4. e4 d6 5. f3 0-0 6. Be3 e5 7. d5 c6 8. Qd2 cxd5 9. cxd5 Ne8 10. h4 f5 11. g3 Qa5 12. a3 Na6 13. Ra2 Qd8 14. b4 Bd7 15. Bd3 f4 16. Bf2 fxg3 17. Bxg3 Nf6 18. Bf2 Nh5 19. Bf1 Nc7 20. a4 Rc8 21. Bxa7 Ng3 22. Rh2 Nxf1 23. Kxf1 Na6 24. Nce2 Qc7 25. b5 Nc5 26. Bxc5 Qxc5 27. Kg2 Qc4 28. h5 gxh5 29. Rxh5 Rf6 30. Ra3 Qc2 31. Qxc2 Rxc2 32. Rg5 Kf8 33. Kf2 Bh6 34. Rh5 Be8 35. Rh1 Bd2 36. Rxh7 Bb4 37. Ra1 Rg6 38. Rxb7 Bc5+ 39. Kf1 Bxg1 40. Nxg1 Rgg2 41. a5 Rcf2+ 42. Ke1 Rb2 43. Nh3 Rh2 44. Ng1 Rhg2 45. Kf1 Rbf2+ 46. Ke1 Rb2 47. Kf1 Rbf2+ 48. Ke1 Rb2 1/2-1/2

[Event "Nova Gorica op-B 12th"]
[Site "Nova Gorica"]
[Date "2007.01.29"]
[Round "6"]
[White "Grobelsek, Ana"]
[Black "Saradjen, Janko"]
[Result "0-1"]
[WhiteElo "2099"]
[BlackElo "2133"]
[PlyCount "112"]
[EventDate "2007.01.26"]
[EventType "swiss"]
[EventRounds "9"]
[EventCountry "SLO"]
[SourceTitle "CBM 116 Extra"]
[Source "ChessBase"]
[SourceDate "2007.03.07"]
[SourceVersion "1"]
[SourceVersionDate "2007.03.07"]
[SourceQuality "1"]

1. e4 d5 2. exd5 Qxd5 3. Nc3 Qa5 4. d4 c6 5. Bc4 Nf6 6. Nf3 Bg4 7. h3 Bh5 8. g4 Bg6 9. Bd2 Nbd7 10. Qe2 Qc7 11. 0-0-0 b5 12. Bd3 Bxd3 13. Qxd3 e6 14. g5 b4 15. gxf6 bxc3 16. Bxc3 Nxf6 17. Ne5 Nd5 18. Qc4 Rc8 19. Rhg1 g6 20. h4 h5 21. Rde1 Rg8 22. Bd2 Be7 23. Qd3 Bxh4 24. Rg2 Bf6 25. c4 Bxe5 26. Rxe5 Ne7 27. Bf4 Qb7 28. Qe3 Kd7 29. Rc5 f6 30. f3 g5 31. Re2 e5 32. Rxe5 fxe5 33. Qxe5 Qb4 34. Qe6+ Kd8 35. Bd6 Qb7 36. Bxe7+ Kc7 37. c5 Kb8 38. Re3 Ka8 39. Rb3 Qa6 40. Qd7 g4 41. Ra3 Qb7 42. Qxb7+ Kxb7 43. fxg4 hxg4 44. Bd6 Rce8 45. Kd2 Kc8 46. Rxa7 g3 47. Rc7+ Kd8 48. Bxg3 Rxg3 49. Rxc6 Rh8 50. Re6 Rh2+ 51. Re2 Rxe2+ 52. Kxe2 Rg2+ 53. Ke3 Rxb2 54. a4 Ra2 55. Ke4 Rxa4 56. Kd5 Kc7 0-1

[Event "Nova Gorica op-B 12th"]
[Site "Nova Gorica"]
[Date "2007.01.29"]
[Round "7"]
[White "Srebrnic, Vojko"]
[Black "Grobelsek, Ana"]
[Result "1/2-1/2"]
[WhiteElo "2182"]
[BlackElo "2099"]
[PlyCount "53"]
[EventDate "2007.01.26"]
[EventType "swiss"]
[EventRounds "9"]
[EventCountry "SLO"]
[SourceTitle "CBM 116 Extra"]
[Source "ChessBase"]
[SourceDate "2007.03.07"]
[SourceVersion "1"]
[SourceVersionDate "2007.03.07"]
[SourceQuality "1"]

1. c4 Nf6 2. Nc3 g6 3. g3 Bg7 4. Bg2 0-0 5. d3 c6 6. e4 d6 7. Nge2 e5 8. 0-0 Be6 9. Qb3 Qc8 10. a4 a5 11. Bd2 Nfd7 12. Qc2 Na6 13. Na2 Nac5 14. Nac1 Qc7 15. Nb3 Nxb3 16. Qxb3 Nc5 17. Qc2 Qb6 18. Be3 Qb3 19. Qxb3 Nxb3 20. Ra3 Nc5 21. Rb1 Na6 22. Rb3 Nb4 23. Rc3 Rfd8 24. d4 Na2 25. Rc2 Nb4 26. Rcc1 Na2 27. Rc2 1/2-1/2

[Event "Velika Gorica op 6th"]
[Site "Velika Gorica"]
[Date "2006.08.21"]
[Round "4"]
[White "Grobelsek, Ana"]
[Black "Jukic, Zeljko"]
[Result "1/2-1/2"]
[WhiteElo "2111"]
[BlackElo "2246"]
[PlyCount "123"]
[EventDate "2006.08.19"]
[EventType "swiss"]
[EventRounds "9"]
[EventCountry "CRO"]
[SourceTitle "CBM 113 Extra"]
[Source "ChessBase"]
[SourceDate "2006.09.14"]
[SourceVersion "1"]
[SourceVersionDate "2006.09.14"]
[SourceQuality "1"]

1. e4 e6 2. d3 d5 3. Nd2 Nf6 4. Ngf3 Nc6 5. c3 a5 6. Be2 Bd6 7. 0-0 0-0 8. Re1 e5 9. exd5 Nxd5 10. Nc4 h6 11. Bf1 Re8 12. h3 Bf5 13. Qb3 Qd7 14. Bd2 a4 15. Qb5 Be6 16. Nxd6 Qxd6 17. c4 Nde7 18. Nxe5 Nd4 19. Qxb7 Rab8 20. Qe4 Nc2 21. Bc3 Nxa1 22. Rxa1 f6 23. Ng4 Bxg4 24. Qxg4 c5 25. Re1 Nc6 26. Re4 Rxe4 27. Qxe4 Nb4 28. d4 Nxa2 29. Bd3 f5 30. Qxf5 Nxc3 31. Qh7+ Kf7 32. Qf5+ Qf6 33. Qd7+ Kg8 34. bxc3 cxd4 35. cxd4 a3 36. Qa7 Rf8 37. Qxa3 Qxf2+ 38. Kh2 Qf4+ 39. Kh1 Re8 40. Qa5 Qxd4 41. Qd5+ Qxd5 42. cxd5 Kf7 43. Bf5 Re2 44. Be6+ Kf6 45. Kh2 Ke5 46. Kg3 Re3+ 47. Kf2 Rd3 48. Ke2 Rc3 49. Kf2 g5 50. g3 Rd3 51. Bg8 Ra3 52. Be6 Rd3 53. Bg8 Rd2+ 54. Kf3 Rd3+ 55. Kf2 h5 56. Be6 Kf6 57. Kg2 Ke5 58. Kf2 h4 59. gxh4 gxh4 60. Ke2 Kd4 61. Kf2 Ke4 62. Ke2 1/2-1/2

[Event "Velika Gorica op 6th"]
[Site "Velika Gorica"]
[Date "2006.08.20"]
[Round "3"]
[White "Havas, Ladislav"]
[Black "Grobelsek, Ana"]
[Result "1/2-1/2"]
[WhiteElo "2278"]
[BlackElo "2111"]
[PlyCount "61"]
[EventDate "2006.08.19"]
[EventType "swiss"]
[EventRounds "9"]
[EventCountry "CRO"]
[SourceTitle "CBM 113 Extra"]
[Source "ChessBase"]
[SourceDate "2006.09.14"]
[SourceVersion "1"]
[SourceVersionDate "2006.09.14"]
[SourceQuality "1"]

1. d4 Nf6 2. c4 g6 3. Nc3 Bg7 4. e4 d6 5. f3 0-0 6. Be3 e5 7. d5 Nh5 8. Qd2 f5 9. 0-0-0 Na6 10. Bd3 Nf4 11. Bc2 fxe4 12. Nxe4 Qe8 13. h4 b5 14. g3 Nh5 15. Qa5 bxc4 16. Ba4 Qf7 17. Bb5 Nc5 18. Nxc5 dxc5 19. g4 c3 20. bxc3 Nf4 21. Bxc5 Rd8 22. Bc6 Rb8 23. Bxa7 Bb7 24. Bxb8 Bxc6 25. dxc6 Rxd1+ 26. Kxd1 Qc4 27. Rh2 Qd3+ 28. Kc1 e4 29. Rd2 Bxc3 30. Rxd3 Nxd3+ 31. Kd1 1/2-1/2

[Event "SLO-chT (Women) 16th"]
[Site "Ljubljana"]
[Date "2006.07.08"]
[Round "8"]
[White "Bajt, Indira"]
[Black "Grobelsek, Ana"]
[Result "1-0"]
[WhiteElo "2194"]
[BlackElo "2111"]
[PlyCount "59"]
[EventDate "2006.07.03"]
[EventType "team"]
[EventRounds "9"]
[EventCountry "SLO"]
[SourceTitle "EXT 2008"]
[Source "ChessBase"]
[SourceDate "2007.11.25"]
[SourceVersion "1"]
[SourceVersionDate "2007.11.25"]
[SourceQuality "1"]

1. e4 e5 2. Nf3 Nc6 3. Bc4 Nf6 4. d4 exd4 5. e5 d5 6. Bb5 Ne4 7. Nxd4 Bd7 8. Bxc6 bxc6 9. 0-0 Bc5 10. f3 Ng5 11. Be3 Bb6 12. f4 Ne4 13. Nd2 Nxd2 14. Qxd2 c5 15. Ne2 d4 16. Bf2 0-0 17. c4 a5 18. Qd3 Qc8 19. Bh4 Bf5 20. Qa3 Qe6 21. Ng3 Bc2 22. Qf3 Qxc4 23. Qg4 Qd3 24. f5 c6 25. Rf3 Qd2 26. Bg5 Qb4 27. Bf6 g6 28. Qg5 Qxb2 29. Qh6 Qxa1+ 30. Rf1 1-0

[Event "SLO-chT (Women) 16th"]
[Site "Ljubljana"]
[Date "2006.07.06"]
[Round "7"]
[White "Grobelsek, Ana"]
[Black "Ursic, Mateja"]
[Result "1/2-1/2"]
[WhiteElo "2111"]
[BlackElo "2028"]
[PlyCount "24"]
[EventDate "2006.07.03"]
[EventType "team"]
[EventRounds "9"]
[EventCountry "SLO"]
[SourceTitle "EXT 2008"]
[Source "ChessBase"]
[SourceDate "2007.11.25"]
[SourceVersion "1"]
[SourceVersionDate "2007.11.25"]
[SourceQuality "1"]

1. e4 e5 2. Nf3 Nc6 3. Bc4 Bc5 4. c3 Nf6 5. d3 d6 6. 0-0 0-0 7. Nbd2 a6 8. Bb3 Ba7 9. h3 Be6 10. Re1 Bxb3 11. axb3 Ne7 12. Nf1 Ng6 1/2-1/2

[Event "SLO-chT (Women) 16th"]
[Site "Ljubljana"]
[Date "2006.07.05"]
[Round "4"]
[White "Grobelsek, Ana"]
[Black "Srebrnic, Ana"]
[Result "1/2-1/2"]
[WhiteElo "2111"]
[BlackElo "2318"]
[PlyCount "53"]
[EventDate "2006.07.03"]
[EventType "team"]
[EventRounds "9"]
[EventCountry "SLO"]
[SourceTitle "EXT 2008"]
[Source "ChessBase"]
[SourceDate "2007.11.25"]
[SourceVersion "1"]
[SourceVersionDate "2007.11.25"]
[SourceQuality "1"]

1. e4 e5 2. Nf3 Nf6 3. Nxe5 d6 4. Nf3 Nxe4 5. d4 d5 6. Bd3 Be7 7. 0-0 Nc6 8. c4 Nb4 9. Re1 Nxd3 10. Qxd3 c6 11. cxd5 cxd5 12. Qb5+ Qd7 13. Qb3 0-0 14. Nc3 Nxc3 15. bxc3 b6 16. Rxe7 Qxe7 17. Ba3 Qb7 18. Bxf8 Kxf8 19. Re1 Be6 20. Qc2 g6 21. Qd2 Kg7 22. Ng5 Bf5 23. h3 h6 24. g4 Bxg4 25. hxg4 hxg5 26. Qxg5 Qc6 27. Qe5+ 1/2-1/2

[Event "Djakovo op-B"]
[Site "Djakovo"]
[Date "2006.05.03"]
[Round "6"]
[White "Iveljic, Igor"]
[Black "Grobelsek, Ana"]
[Result "1-0"]
[WhiteElo "2247"]
[BlackElo "2113"]
[PlyCount "69"]
[EventDate "2006.04.30"]
[EventType "swiss"]
[EventRounds "9"]
[EventCountry "CRO"]
[SourceTitle "CBM 112 Extra"]
[Source "ChessBase"]
[SourceDate "2006.07.14"]
[SourceVersion "1"]
[SourceVersionDate "2006.07.14"]
[SourceQuality "1"]

1. e4 e5 2. Nf3 Nc6 3. Bb5 Bc5 4. 0-0 Nge7 5. c3 Bb6 6. d4 exd4 7. cxd4 d5 8. exd5 Nxd5 9. Re1+ Be6 10. Bg5 Qd6 11. Nc3 0-0 12. Ne4 Qb4 13. Bxc6 bxc6 14. a3 Qxb2 15. Re2 Qb5 16. a4 Qb4 17. a5 Bg4 18. axb6 Bxf3 19. gxf3 cxb6 20. Ra4 Qb5 21. Nd6 Nc3 22. Nxb5 Nxd1 23. Ra1 Nxf2 24. Kxf2 cxb5 25. Be7 Rfe8 26. d5 f6 27. d6 Kf7 28. Rae1 a5 29. d7 Red8 30. Bxd8 Rxd8 31. Re7+ Kg6 32. R1e6 a4 33. Rxb6 a3 34. Rxb5 Ra8 35. Re8 1-0

[Event "Djakovo op-B"]
[Site "Djakovo"]
[Date "2006.05.01"]
[Round "2"]
[White "Kroo, Ivica"]
[Black "Grobelsek, Ana"]
[Result "0-1"]
[WhiteElo "1866"]
[BlackElo "2113"]
[PlyCount "104"]
[EventDate "2006.04.30"]
[EventType "swiss"]
[EventRounds "9"]
[EventCountry "CRO"]
[SourceTitle "CBM 112 Extra"]
[Source "ChessBase"]
[SourceDate "2006.07.14"]
[SourceVersion "1"]
[SourceVersionDate "2006.07.14"]
[SourceQuality "1"]

1. d4 Nf6 2. c4 g6 3. Bg5 Bg7 4. Nf3 0-0 5. Nc3 d6 6. e3 h6 7. Bh4 Nbd7 8. Bg3 Nh5 9. Be2 Nxg3 10. hxg3 e5 11. d5 a5 12. Qd2 f5 13. e4 Nc5 14. Qc2 g5 15. Nd2 Qf6 16. f3 g4 17. 0-0-0 Bd7 18. Rdf1 Qg6 19. fxg4 fxe4 20. Ncxe4 Na6 21. a3 c6 22. Rxf8+ Rxf8 23. Rf1 Rxf1+ 24. Nxf1 Nc5 25. Nxc5 Qxc2+ 26. Kxc2 dxc5 27. Ne3 e4 28. b3 Kf7 29. a4 Kf6 30. Kd2 Kg5 31. Bd1 Bd4 32. Bc2 cxd5 33. cxd5 Bxe3+ 34. Kxe3 Kxg4 35. Bxe4 Kg5 36. Kf2 Kf6 37. Ke3 Ke5 38. Kd3 b6 39. Bf3 b5 40. axb5 Bxb5+ 41. Kc3 Ba6 42. Bh5 Kxd5 43. Bf7+ Ke5 44. Bc4 Bb7 45. Bf1 Bd5 46. g4 Kf4 47. Be2 Ke3 48. Bd1 Kf2 49. Kd3 Kxg2 50. Ke3 Kg3 51. Kd3 Be6 52. Ke4 Bxg4 0-1

[Event "Djakovo op-B"]
[Site "Djakovo"]
[Date "2006.04.30"]
[Round "1"]
[White "Grobelsek, Ana"]
[Black "Armanda, Ivica"]
[Result "0-1"]
[WhiteElo "2113"]
[BlackElo "2330"]
[PlyCount "60"]
[EventDate "2006.04.30"]
[EventType "swiss"]
[EventRounds "9"]
[EventCountry "CRO"]
[SourceTitle "CBM 112 Extra"]
[Source "ChessBase"]
[SourceDate "2006.07.14"]
[SourceVersion "1"]
[SourceVersionDate "2006.07.14"]
[SourceQuality "1"]

1. e4 c5 2. Nf3 d6 3. d4 cxd4 4. Nxd4 Nf6 5. Nc3 g6 6. g3 Bg7 7. Bg2 0-0 8. 0-0 Nc6 9. Nde2 Be6 10. Nf4 Bg4 11. f3 Bd7 12. Be3 Rc8 13. Nfd5 Nxd5 14. exd5 Ne5 15. Bd4 Qa5 16. Re1 Rfe8 17. Rb1 b5 18. a3 Qc7 19. Re2 Qc4 20. Kh1 a5 21. h3 b4 22. b3 Qc7 23. axb4 axb4 24. Na2 Bb5 25. Rf2 Qa5 26. Ra1 Nd3 27. Nc3 Bxd4 28. cxd3 Qb6 29. Nxb5 Bxa1 30. Ra2 Bf6 0-1

[Event "Zagreb op"]
[Site "Zagreb"]
[Date "2006.01.14"]
[Round "1"]
[White "Sedlak, Nikola"]
[Black "Grobelsek, Ana"]
[Result "1-0"]
[WhiteElo "2512"]
[BlackElo "2079"]
[PlyCount "57"]
[EventDate "2006.01.14"]
[EventType "swiss"]
[EventRounds "9"]
[EventCountry "CRO"]
[SourceTitle "CBM 110 Extra"]
[Source "ChessBase"]
[SourceDate "2006.03.10"]
[SourceVersion "2"]
[SourceVersionDate "2006.03.10"]
[SourceQuality "1"]

1. d4 Nf6 2. Bg5 g6 3. Bxf6 exf6 4. c4 Bg7 5. Nc3 0-0 6. g3 d6 7. Bg2 Nc6 8. e3 Re8 9. Nge2 Bg4 10. 0-0 Bxe2 11. Nxe2 f5 12. b4 Ne7 13. b5 Rb8 14. Qa4 a6 15. bxa6 bxa6 16. Qxa6 Rb2 17. Nc3 Rb6 18. Qa3 Qd7 19. c5 dxc5 20. Qxc5 Reb8 21. a4 Bf8 22. a5 Nc8 23. Qd5 Rd6 24. Qc4 c6 25. Na4 Qc7 26. Nc5 Ra8 27. Rfb1 Rxa5 28. Rxa5 Qxa5 29. Nb7 1-0

[Event "Bosnjaci op (Women)"]
[Site "Bosnjaci"]
[Date "2006.01.07"]
[Round "8"]
[White "Grobelsek, Ana"]
[Black "Berke, Ana"]
[Result "1-0"]
[WhiteElo "2089"]
[BlackElo "2020"]
[PlyCount "47"]
[EventDate "2006.01.03"]
[EventType "swiss"]
[EventRounds "9"]
[EventCountry "CRO"]
[SourceTitle "CBM 110 Extra"]
[Source "ChessBase"]
[SourceDate "2006.03.10"]
[SourceVersion "2"]
[SourceVersionDate "2006.03.10"]
[SourceQuality "1"]

1. e4 c5 2. Nc3 Nc6 3. Bb5 g6 4. Bxc6 dxc6 5. d3 Bg7 6. f4 Nf6 7. Nf3 Bg4 8. 0-0 0-0 9. Qe1 Bxf3 10. Rxf3 Qd7 11. e5 Nd5 12. Ne4 b6 13. Qh4 Nc7 14. Rh3 h6 15. f5 Qd4+ 16. Kh1 Qxe5 17. Bxh6 Bxh6 18. Qxh6 Qg7 19. Qxg7+ Kxg7 20. Rf1 gxf5 21. Rg3+ Kh6 22. Rf4 Kh5 23. Rxf5+ Kh6 24. Rfg5 1-0

[Event "Zadar (Women) 12th"]
[Site "Zadar"]
[Date "2005.12.15"]
[Round "5"]
[White "Djingarova, Emilia"]
[Black "Grobelsek, Ana"]
[Result "1-0"]
[WhiteElo "2358"]
[BlackElo "2079"]
[PlyCount "119"]
[EventDate "2005.12.12"]
[EventType "tourn"]
[EventRounds "9"]
[EventCountry "CRO"]
[SourceTitle "CBM 109 Extra"]
[Source "ChessBase"]
[SourceDate "2006.01.03"]
[SourceVersion "2"]
[SourceVersionDate "2006.01.03"]
[SourceQuality "1"]

1. e4 e5 2. Bc4 Nc6 3. d3 Nf6 4. Nf3 h6 5. 0-0 d6 6. c3 g6 7. d4 Qe7 8. Nbd2 Bg7 9. Re1 0-0 10. h3 Bd7 11. Nf1 Nd8 12. Ng3 Nh7 13. Be3 Ne6 14. Qd2 Nhg5 15. Nxg5 Nxg5 16. dxe5 dxe5 17. h4 Ne6 18. Bxh6 Rad8 19. Bg5 Nxg5 20. Qxg5 Qxg5 21. hxg5 Rfe8 22. Nf1 Bf8 23. Ne3 c6 24. Bb3 b5 25. a4 b4 26. Red1 bxc3 27. bxc3 Be7 28. Nc4 Be6 29. Na5 Bxb3 30. Nxb3 Bxg5 31. Na5 Re6 32. Nc4 Be7 33. Rxd8+ Bxd8 34. Rd1 Bb6 35. Kf1 Kf8 36. Ke2 Ke8 37. Rb1 Bc5 38. Rb7 f5 39. exf5 gxf5 40. Rg7 e4 41. Rg5 e3 42. fxe3 Bxe3 43. Rxf5 Bd4+ 44. Kd3 Bg7 45. g4 Rh6 46. Rf3 Rh1 47. Nd6+ Kd8 48. Ne4 Rd1+ 49. Kc4 Ra1 50. Nc5 Ke8 51. Re3+ Kf7 52. Rd3 Rg1 53. Rd7+ Kg6 54. Rd6+ Kf7 55. Rxc6 Rxg4+ 56. Kb3 Rg3 57. Ne4 Re3 58. Nd6+ Ke6 59. Nc4+ Kd7 60. Rd6+ 1-0

[Event "Zadar (Women) 12th"]
[Site "Zadar"]
[Date "2005.12.15"]
[Round "6"]
[White "Grobelsek, Ana"]
[Black "Olarasu, Gabriela"]
[Result "0-1"]
[WhiteElo "2079"]
[BlackElo "2323"]
[PlyCount "84"]
[EventDate "2005.12.12"]
[EventType "tourn"]
[EventRounds "9"]
[EventCountry "CRO"]
[SourceTitle "CBM 109 Extra"]
[Source "ChessBase"]
[SourceDate "2006.01.03"]
[SourceVersion "2"]
[SourceVersionDate "2006.01.03"]
[SourceQuality "1"]

1. e4 e5 2. Nf3 Nc6 3. Bc4 Bc5 4. c3 Nf6 5. d3 d6 6. Nbd2 0-0 7. b4 Bb6 8. a4 a6 9. Bb3 d5 10. Qe2 Re8 11. 0-0 d4 12. Bb2 dxc3 13. Bxc3 Nd4 14. Nxd4 Bxd4 15. Bxd4 Qxd4 16. Bc4 Be6 17. Rac1 Qd6 18. Bxe6 Rxe6 19. Rc4 Re7 20. Nb3 Nd7 21. Nc5 Qb6 22. a5 Qb5 23. Nb3 Nf8 24. d4 exd4 25. Nxd4 Qd7 26. f4 b5 27. axb6 cxb6 28. Nc6 Re6 29. Ne5 Qb5 30. Qc2 Rae8 31. Rd1 a5 32. Rd5 Qa6 33. bxa5 bxa5 34. Qa4 Qb6+ 35. Kf1 Qe3 36. g3 Rb8 37. Rb5 Rxb5 38. Qxb5 Rb6 39. Qc5 Rb1+ 40. Kg2 Rb2+ 41. Kh3 Qe2 42. Qg1 Qh5# 0-1

[Event "Zadar (Women) 12th"]
[Site "Zadar"]
[Date "2005.12.13"]
[Round "3"]
[White "Randjelovic, Dragana"]
[Black "Grobelsek, Ana"]
[Result "0-1"]
[WhiteElo "2076"]
[BlackElo "2079"]
[PlyCount "40"]
[EventDate "2005.12.12"]
[EventType "tourn"]
[EventRounds "9"]
[EventCountry "CRO"]
[SourceTitle "CBM 109 Extra"]
[Source "ChessBase"]
[SourceDate "2006.01.03"]
[SourceVersion "2"]
[SourceVersionDate "2006.01.03"]
[SourceQuality "1"]

1. e4 e5 2. Bc4 Nc6 3. Nf3 Nf6 4. d3 h6 5. 0-0 d6 6. c3 g6 7. Re1 Bg7 8. d4 Qe7 9. Nbd2 0-0 10. Bd3 Nh5 11. Nf1 exd4 12. cxd4 Bg4 13. d5 Nd4 14. N1d2 Nf4 15. Bf1 Qf6 16. Re3 g5 17. Qa4 Nh3+ 18. gxh3 Bxf3 19. Qc4 Qf4 20. Nb3 Be5 0-1

[Event "SLO-chT (Women)"]
[Site "Bled"]
[Date "2005.11.05"]
[Round "4"]
[White "Grobelsek, Ana"]
[Black "Skrlep, Liza"]
[Result "1-0"]
[WhiteElo "2079"]
[BlackElo "1530"]
[PlyCount "99"]
[EventDate "2005.11.03"]
[EventType "team"]
[EventRounds "9"]
[EventCountry "SLO"]
[SourceTitle "CBM 109 Extra"]
[Source "ChessBase"]
[SourceDate "2006.01.03"]
[SourceVersion "2"]
[SourceVersionDate "2006.01.03"]
[SourceQuality "1"]

1. e4 e5 2. Nf3 Nc6 3. Bc4 Bc5 4. c3 Nf6 5. d3 h6 6. b4 Bb6 7. b5 Ne7 8. Nxe5 0-0 9. Qb3 Qe8 10. Be3 d6 11. Bxb6 axb6 12. Nf3 Be6 13. Bxe6 fxe6 14. Qxe6+ Qf7 15. Qxf7+ Rxf7 16. Nbd2 Rff8 17. 0-0 c5 18. bxc6 bxc6 19. Nc4 b5 20. Nxd6 Rfd8 21. e5 Nfd5 22. c4 bxc4 23. dxc4 Nb4 24. a4 Nd3 25. Rfd1 Nb2 26. Rd2 Nxa4 27. Rda2 Nb6 28. Rxa8 Nxa8 29. Kf1 Nc7 30. Ra7 Ne8 31. Rxe7 Nxd6 32. exd6 Rxd6 33. Ne5 Rd1+ 34. Ke2 Rc1 35. Re8+ Kh7 36. Re6 Rc2+ 37. Kf3 Rc3+ 38. Ke4 Rc2 39. Rxc6 Rxf2 40. g4 Rxh2 41. c5 Re2+ 42. Kd5 Rd2+ 43. Ke6 Rf2 44. Rd6 Rf6+ 45. Kd7 Rf4 46. c6 Ra4 47. c7 Ra7 48. Kd8 Ra8+ 49. c8Q Rxc8+ 50. Kxc8 1-0

[Event "SLO-chT (Women)"]
[Site "Bled"]
[Date "2005.11.05"]
[Round "3"]
[White "Ursic, Mateja"]
[Black "Grobelsek, Ana"]
[Result "1/2-1/2"]
[WhiteElo "2033"]
[BlackElo "2079"]
[PlyCount "30"]
[EventDate "2005.11.03"]
[EventType "team"]
[EventRounds "9"]
[EventCountry "SLO"]
[SourceTitle "CBM 109 Extra"]
[Source "ChessBase"]
[SourceDate "2006.01.03"]
[SourceVersion "2"]
[SourceVersionDate "2006.01.03"]
[SourceQuality "1"]

1. e4 e5 2. Nf3 Nc6 3. Nc3 Nf6 4. d4 exd4 5. Nxd4 Bb4 6. Nxc6 bxc6 7. Bd3 d5 8. exd5 cxd5 9. 0-0 0-0 10. Bg5 c6 11. Qf3 Bd6 12. Rae1 h6 13. Bxf6 Qxf6 14. Qxf6 gxf6 15. Nd1 Rb8 1/2-1/2